Normal view
MARC view
- Comics (Graphic works)
Entry Genre/Form Term
001 - CONTROL NUMBER
- control field: 28121
003 - CONTROL NUMBER IDENTIFIER
- control field: NUST
005 - DATE AND TIME OF LATEST TRANSACTION
- control field: 20200128135506.0
008 - FIXED-LENGTH DATA ELEMENTS
- fixed length control field: 200128|| aca||aabn | a|a d
040 ## - CATALOGING SOURCE
- Original cataloging agency: NUST
- Transcribing agency: NUST
155 ## - HEADING--GENRE/FORM TERM
- Genre/form term: Comics (Graphic works)
670 ## - SOURCE DATA FOUND
- Source citation: Work cat.: (NUST)0: Northanger Abbey.
